01011nam a2200205Ia 4500003000900000008004100009020001800050040001600068080002600084111013800110245029200248250001200540260003700552300001500589490006300604650004100667650004200708700002700750700002800777IN-BaIIA211028s9999 xx 000 0 eng d a0-7923-0122-6 cIIA Library a523.942.3(082.2)bRUT aInternational Workshop of the OAC and NATO Advanced Research Workshop on Solar and Stellar GranulationcCapri, Italyd1988 June 21-25 0aSolar and stellar granulationbproceedings of third International workshop of the OAC and NATO advanced research workshop on solar and stellar granulation held in Capri, Italy, 21-25, June 1988cedited by Robert J. Rutten and Giuseppec Severino  a3rd ed. aDordrechtbKluwer Academicc1989 axxv, 661p. aNATO ASI Series C:Mathematical and physical sciences- v.26 aAstronomy and Astrophysics Thesaurus aSolar granulation Stellar granulation aRutten, Robert J., ed. aSeverino, Giuseppe, ed.